El mundo del islam /
Libro de viajes sobre el mundo musulmán, cuyo recorrido abarca tanto el Medio Oriente como el Africa del Norte, pero comprende también otras naciones en las que predomina la religión islámica, pese a que su población no sea necesariamente de raza árabe, tales como Turquía e Irán.
Guardat en:
| Autor principal: | |
|---|---|
| Format: | Llibre |
| Idioma: | espanyol |
| Publicat: |
Barcelona, España :
Labor,
1965, c1965
|
| Matèries: | |
| Etiquetes: |
Sense etiquetes, Sigues el primer a etiquetar aquest registre!
|
MARC
| LEADER | 00000nam^a2200000^a^4500 | ||
|---|---|---|---|
| 001 | 000105594 | ||
| 005 | 20250521000000.0 | ||
| 009 | 20260310093505.965 | ||
| 037 | |a Acervo ITESO - Biblioteca | ||
| 041 | |a ESP | ||
| 082 | |a 909. 097671082 |b KAS | ||
| 100 | |a Kaster, H.L. |e (autor) | ||
| 245 | 1 | 3 | |a El mundo del islam / |c H.L. Kaster ; tr. por Francisco Payarols. |
| 264 | 4 | |a Barcelona, España : |b Labor, |c 1965, c1965 | |
| 300 | |a XV, 408 p. | ||
| 336 | |a texto |b txt |2 rdacontenido | ||
| 337 | |a sin mediación |b n |2 rdamedio | ||
| 338 | |a volumen |b nc |2 rdasoporte | ||
| 500 | |a Traducción de: Islam Ohne Schleier | ||
| 520 | |a Libro de viajes sobre el mundo musulmán, cuyo recorrido abarca tanto el Medio Oriente como el Africa del Norte, pero comprende también otras naciones en las que predomina la religión islámica, pese a que su población no sea necesariamente de raza árabe, tales como Turquía e Irán. | ||
| 649 | |a XX | ||
| 650 | |a Libros de Viajes | ||
| 650 | |a Viajes y Travesías | ||
| 650 | |a Islamismo | ||
| 650 | |a Arabes | ||
| 650 | |a Mundo Arabe-Musulmán - |x Descripción | ||
| 650 | |a Países Arabes - |x Historia - |y Siglo XX | ||
| 650 | |a Medio Oriente - |x Descripción | ||
| 650 | |a Medio Oriente - |x Historia - |y Siglo XX | ||
| 650 | |a Africa del Norte - |x Descripción | ||
| 650 | |a Africa del Norte - |x Historia - |y Siglo XX | ||
| 650 | |a Asia Central - |x Descripción | ||
| 650 | |a Asia Central - |x Historia - |y Siglo XX | ||
| 910 | |a Fondo Jesús Rodríguez | ||
| 920 | |a Impresos - Libros | ||
| 930 | |a Fondos Especiales | ||
| 905 | |a 113 | ||
| 901 | |a 0500041691 |b IT2 |c ESP |u 20250521 | ||
| 902 | |a https://opac.biblio.iteso.mx/vufind/Record/000105594 | ||